|
|
|
|
| LEADER |
00000nam0a2200000 4500 |
| 001 |
347467 |
| 005 |
20231102010012.0 |
| 010 |
|
|
|a 9785915225199
|
| 035 |
|
|
|a (RuTPU)RU\TPU\book\379382
|
| 090 |
|
|
|a 347467
|
| 100 |
|
|
|a 20220418d1921 k y0rusy50 ca
|
| 101 |
0 |
|
|a rus
|
| 102 |
|
|
|a RU
|
| 105 |
|
|
|a a z 001zy
|
| 200 |
1 |
|
|a От цифровизации к интеллектуализации: системное управление инновационным развитием страны
|f Российский фонд фундаментальных исследований ; под ред. Г. Б. Клейнера, С. Е. Шепетовой
|
| 210 |
|
|
|a Москва
|c Научный мир
|d 2021
|
| 215 |
|
|
|a 216 с.
|c табл.
|
| 320 |
|
|
|a Библиогр.: с. 157-169
|
| 330 |
|
|
|a Монография посвящена вопросам создания благоприятных условий для сбалансированного инновационного развития страны в условиях цифровизации. В данной монографии раскрываются факторы формирования и генезис системных атрибутов цифровой экономики и их влияние на создание и распространение инноваций. Цифровая экономика рассматривается авторами одновременно и как этап в развитии экономики, и как среда развития инновационных процессов. Представлен также теоретический фундамент управления инновационными процессами в цифровой экономике, основывающийся на системной парадигме. Показаны взаимосвязи цифровизации и интеллектуализации. Эти результаты работы коллектива российских ученых получены в рамках научного исследования, выполненного по государственному заданию Финуниверситета 2020 г. Они обогащают идеологию и теорию общественного развития, а также арсенал политики управления инновационным развитием страны на современном этапе.
|
| 606 |
1 |
|
|a Инновации
|2 stltpush
|3 (RuTPU)RU\TPU\subj\67423
|9 83236
|
| 610 |
1 |
|
|a инновационное развитие
|
| 610 |
1 |
|
|a зарубежный опыт
|
| 610 |
1 |
|
|a цифровая экономика
|
| 610 |
1 |
|
|a социум
|
| 610 |
1 |
|
|a страны мира
|
| 610 |
1 |
|
|a анализ
|
| 610 |
1 |
|
|a управление
|
| 610 |
1 |
|
|a гипотезы
|
| 610 |
1 |
|
|a США
|
| 610 |
1 |
|
|a Япония
|
| 610 |
1 |
|
|a Южная Азия
|
| 610 |
1 |
|
|a Сингапур
|
| 610 |
1 |
|
|a Китай
|
| 610 |
1 |
|
|a Россия
|
| 610 |
1 |
|
|a цифровизация
|
| 610 |
1 |
|
|a интеллектуализация
|
| 686 |
|
|
|a У9(2)0-551
|v LBC/SL-A
|2 rubbk
|
| 702 |
|
1 |
|a Клейнер
|b Г. Б.
|4 340
|
| 702 |
|
1 |
|a Шепетова
|b С. Е.
|4 340
|
| 712 |
0 |
2 |
|a Российский фонд фундаментальных исследований
|c (Москва)
|2 stltpush
|3 (RuTPU)RU\TPU\col\112
|9 23202
|
| 801 |
|
1 |
|a RU
|b 63413507
|c 20220418
|
| 801 |
|
2 |
|a RU
|b 63413507
|c 20220606
|g RCR
|
| 942 |
|
|
|c BK
|